ISSS journal of micro and smart systems : (Record no. 162292)

MARC details
000 -LEADER
fixed length control field 00530nas a22001697a 4500
005 - DATE AND TIME OF LATEST TRANSACTION
control field 20190309130556.0
006 - FIXED-LENGTH DATA ELEMENTS--ADDITIONAL MATERIAL CHARACTERISTICS--GENERAL INFORMATION
fixed length control field a|||||r|||| 00| 0
007 - PHYSICAL DESCRIPTION FIXED FIELD--GENERAL INFORMATION
fixed length control field ta
008 - FIXED-LENGTH DATA ELEMENTS--GENERAL INFORMATION
fixed length control field 140904b xxu||||| |||| 00| 0 eng d
022 ## - INTERNATIONAL STANDARD SERIAL NUMBER
International Standard Serial Number 1424-8220
245 ## - TITLE STATEMENT
Title ISSS journal of micro and smart systems :
Remainder of title a technical publication of the institute of smart structures and sysyems
Statement of responsibility, etc edited by B. Dattaguru
260 ## - PUBLICATION, DISTRIBUTION, ETC. (IMPRINT)
Place of publication, distribution, etc New Delhi
Name of publisher, distributor, etc Springer India
300 ## - PHYSICAL DESCRIPTION
Extent v.
Dimensions 26 cm (Pbk)
310 ## - CURRENT PUBLICATION FREQUENCY
Current publication frequency Quarterly
700 ## - ADDED ENTRY--PERSONAL NAME
Personal name Dattaguru, B.
942 ## - ADDED ENTRY ELEMENTS (KOHA)
Source of classification or shelving scheme Dewey Decimal Classification
Item type Periodicals
Serial record 1
Call number suffix ISS
Holdings
Withdrawn status Lost status Source of classification or shelving scheme Damaged status Not for loan Collection code Home library Current library Date acquired Source of acquisition Total Checkouts Full call number Date last seen Price effective from Koha item type
    Dewey Decimal Classification   Not For Loan Non-fiction D.B.Act.Division D.B.Act.Division 09/03/2019 DBAD/PUB   ISS 09/03/2019 09/03/2019 Periodicals

© Delhi Public Library
Hit Counter
free hit counter